|
|
|
|
| LEADER |
01453nam a2200301 a 4500 |
| 001 |
3430951 |
| 008 |
090517s1992 caua b s101 0 eng d |
| 010 |
|
|
|a 91000796
|
| 020 |
|
|
|a 0520073177 (cloth : alk. paper)
|
| 020 |
|
|
|a 0520073185 (pbk. : alk. paper)
|
| 040 |
|
|
|a DNLM/DLC
|c DLC
|d DLC
|
| 082 |
0 |
0 |
|a 610/.95
|2 20
|
| 245 |
0 |
0 |
|a Paths to Asian medical knowledge /
|c edited by Charles Leslie and Allan Young.
|
| 260 |
|
|
|a Berkeley :
|b University of California Press,
|c c1992.
|
| 300 |
|
|
|a ix, 296 p. :
|b ill. ;
|c 24 cm.
|
| 440 |
|
0 |
|a Comparative studies of health systems and medical care
|
| 500 |
|
|
|a Many chapters presented as papers at the 84th Meeting of the American Anthropological Association in Washington, D.C., Dec. 1985.
|
| 504 |
|
|
|a Includes bibliographical references and index.
|
| 541 |
1 |
|
|e 00011555
|
| 650 |
|
0 |
|a Medicine, Oriental
|x East Asia
|v Congresses.
|
| 650 |
|
0 |
|a Medicine, Ayurvedic
|v Congresses.
|
| 650 |
|
2 |
|a Medicine, Oriental Traditional
|z Asia
|v congresses.
|
| 700 |
1 |
|
|a Leslie, Charles M.,
|d 1923-
|
| 700 |
1 |
|
|a Young, Allan,
|d 1938-
|
| 710 |
2 |
|
|a American Anthropological Association.
|b Meeting
|n (84th :
|d 1985 :
|c Washington, D.C.)
|
| 852 |
4 |
|
|a <add your library>
|j <shelf mark>
|
| 999 |
|
|
|c 771
|d 771
|
| 952 |
|
|
|0 0
|1 0
|2 ddc
|4 0
|6 610_950000000000000_PAT_1992
|7 0
|8 NFIC
|9 710
|a BRACUL
|b BRACUL
|c GEN
|d 2009-05-17
|g 0.00
|l 1
|m 4
|o 610.95 PAT
|p 3010011555
|r 2014-04-15
|s 2014-03-08
|t 1
|w 2009-05-17
|y BK
|x No price found in the accession register.
|